000 00589nam a2200217 a 4500
001 71257
003 BD-RjUL
005 20211209082108.0
008 170430s1954 bg a|||| |||| 00| 0 eng d
035 _a(BD-RjUL)71472
040 _aBD-RjUL
_beng
_cBD-RjUL
041 _aeng
082 _223
_a516.242
_bHAP 1954
100 _aHakim, A
_9210824
245 _aPlane Trigonometry /
_cby A. Hakim and M. L. Nag.
260 _aDhaka :
_bBookman,
_c1954.
300 _axvi, 384 p. :
_bill. ;
_c19 cm
650 _aPlane Trigonometry
_9136849
700 _aNag, M. L.
_9210825
942 _2ddc
_cBK
999 _c71257
_d71257